Phong cách nghệ thuật truyện ngắn Tạ Duy Anh qua Bức tranh của em gái tôi

Bức tranh của em gái tôi - Một lối rẽ trong phong cách nghệ thuật của Tạ Duy Anh. Bức tranh của em gái tôi - Thế giới cổ tích thoát thai khỏi sự câm lặng. Bức tranh của em gái tôi - Đặc sắc trong nghệ thuật trần thuật.

Kaydedildi:
Detaylı Bibliyografya
Yazar: Lương Thị Thanh
Diğer Yazarlar: Bùi Bích Hạnh TS. (Hướng dẫn)
Materyal Türü: Kitap
Dil:Vietnamese
Baskı/Yayın Bilgisi: Đà Nẵng Đại học Sư phạm, Đại học Đà Nẵng 2013
Konular:
Etiketler: Etiketle
Etiket eklenmemiş, İlk siz ekleyin!
Thư viện lưu trữ: Mạng thư viện Đại học Đà Nẵng
LEADER 01877nam a2200397 4500
001 000018974
003 15409
005 20140312160346.0
008 140225s2013 viesd
041 |a vie 
072 |a VH 
082 1 4 |a 895.922334  |b LƯ-T 
100 1 |a Lương Thị Thanh 
245 1 0 |a Phong cách nghệ thuật truyện ngắn Tạ Duy Anh qua Bức tranh của em gái tôi  |c Lương Thị Thanh ; Bùi Bích Hạnh hướng dẫn  |k Khóa luận tốt nghiệp 
260 |a Đà Nẵng  |b Đại học Sư phạm, Đại học Đà Nẵng  |c 2013 
300 |a 57 tr.  |c 29 cm. 
500 |a Khóa luận tốt nghiệp đại học. Chuyên ngành: Cử nhân Văn học 
520 |a Bức tranh của em gái tôi - Một lối rẽ trong phong cách nghệ thuật của Tạ Duy Anh. Bức tranh của em gái tôi - Thế giới cổ tích thoát thai khỏi sự câm lặng. Bức tranh của em gái tôi - Đặc sắc trong nghệ thuật trần thuật. 
600 1 4 |a Tạ Duy Anh  |d 1959-  |t Bức tranh của em gái tôi 
650 0 4 |a Truyện ngắn Việt Nam  |v Khóa luận tốt nghiệp  |x Tạ Duy Anh 
653 |a Truyện ngắn Việt Nam 
653 |a Bức tranh của em gái tôi 
653 |a Khoa Ngữ văn 
653 |a Phong cách nghệ thuật 
653 |a Vă nhọc Việt Nam 
700 1 |a Bùi Bích Hạnh  |c TS.  |e Hướng dẫn 
OWN |a LSP 
AVA |a UDN50  |b LSP  |d 895.922334 LƯ-T  |e available  |t Error 5001 Not defined in file expand_doc_bib_avail.  |f 1  |g 0  |h N  |i 0  |k 1 
999 |a From the UDN01 
AVA |a UDN50  |b LSP  |d 895.922334 LƯ-T  |e available  |t Error 5001 Not defined in file expand_doc_bib_avail.  |f 1  |g 0  |h N  |i 0  |k 1 
TYP |a Monograph 
TYP |a Printed language 
980 |a Mạng thư viện Đại học Đà Nẵng